Terry Dearys best ever Greek legends / (Record no. 156065)

MARC details
000 -LEADER
fixed length control field 00517cam a2200181 a 4500
005 - DATE AND TIME OF LATEST TRANSACTION
control field 20180820113853.0
010 ## - LCCN (DPL NO)
LC control number B-701339
020 ## - INTERNATIONAL STANDARD BOOK NUMBER
International Standard Book Number 9789352750436
Terms of availability 250.00
035 ## - SYSTEM CONTROL NUMBER
System control number B-701339
037 ## - SOURCE OF ACQUISITION
Stock number DBAD
Source of stock number/acquisition dpl
082 ## - DEWEY DECIMAL CLASSIFICATION NUMBER
Classification number N
100 1# - MAIN ENTRY--PERSONAL NAME
Personal name Deary, Terry
245 14 - TITLE STATEMENT
Title Terry Dearys best ever Greek legends /
Statement of responsibility, etc by Terry deary
260 ## - PUBLICATION, DISTRIBUTION, ETC. (IMPRINT)
Place of publication, distribution, etc London
Name of publisher, distributor, etc Scholastic
Date of publication, distribution, etc 2017
300 ## - PHYSICAL DESCRIPTION
Extent 191p:
Other physical details ill. ;
Dimensions 21 cm.
942 ## - ADDED ENTRY ELEMENTS (KOHA)
Source of classification or shelving scheme Dewey Decimal Classification
Item type Children Books
Classification part N
Call number suffix DEA
Holdings
Withdrawn status Lost status Not for loan Collection code Home library Current library Date acquired Source of acquisition Cost, normal purchase price Full call number Barcode Copy number Cost, replacement price Koha item type
      Fiction Ashok Vihar Ashok Vihar 20/08/2018 DBAD/Children/Gift/10.08.2018 250.00 N DEA B-701339 1 250.00 Children Books

© Delhi Public Library
Hit Counter
free hit counter